FC Barcelona Squad 2007-2008 - Statistics

General Stats
  • This quiz has been taken 161 times
  • The average score is 16 of 28
Answer Stats
# Position Nation Player % Correct
8 MF Spain Andrés Iniesta
96%
6 MF Spain Xavi Hernández
96%
1 GK Spain Víctor Valdés
95%
19 FW Argentina Lionel Messi
93%
9 FW Cameroon Samuel Eto'o
93%
10 MF Brazil Ronaldinho
89%
5 DF Spain Carles Puyol
88%
24 MF Ivory Coast Yaya Touré
85%
14 FW France Thierry Henry
82%
4 DF Mexico Rafael Márquez
81%
20 MF Portugal Deco
71%
22 DF France Éric Abidal
66%
11 DF Italy Gianluca Zambrotta
63%
7 FW Iceland Eiður Guðjohnsen
59%
- Coach Netherlands Frank Rijkaard
58%
13 GK Spain José Manuel Pinto
57%
17 FW Mexico Giovani dos Santos
55%
33 FW Spain Pedro Rodríguez
52%
3 DF Argentina Gabriel Milito
47%
21 DF France Lilian Thuram
45%
27 FW Spain Bojan Krkić
38%
16 DF Brazil Sylvinho
36%
15 MF Brazil Edmílson
31%
23 DF Spain Oleguer Presas
23%
25 GK Spain Albert Jorquera
17%
18 FW Spain Santiago Ezquerro
12%
28 GK Spain Oier Olazábal
9%
26 MF Spain Marc Crosas
6%
No matching quizzes found
Score Distribution
Percent of People with Each Score
Percentile by Number Answered
Your Score History
You have not taken this quiz